000 00343nam a22001457a 4500
008 240126b ||||| |||| 00| 0 eng d
020 _a0405066236
041 _aeng
080 _21975
_a94
082 _a94THO
100 _a28
101 _aHIST
245 _aHISTORY ,PHILOSOPHY AND SOCIOLOGY OF SCIENCE
_cTHOMAS THOMSON
942 _2udc
_cBK
999 _c60560
_d60560